[Event "MNT-ch sf"]
[Site "Niksic"]
[Date "2017.02.21"]
[Round "7"]
[White "Scekic, Veljko"]
[Black "Anicic, Vuko"]
[Result "1-0"]
[WhiteElo "2209"]
[BlackElo "2145"]
[PlyCount "43"]
[EventDate "2017.02.17"]
[EventType "swiss"]
[EventRounds "7"]
[EventCountry "MNE"]
[SourceTitle "CBM 177 Extra"]
[Source "ChessBase"]
[SourceDate "2017.04.27"]
[SourceVersion "1"]
[SourceVersionDate "2017.04.27"]
[SourceQuality "1"]

1. Nf3 d6 2. c4 Bg4 3. b3 e5 4. Nc3 Nd7 5. Bb2 c6 6. e3 f5 7. h3 Bxf3 8. Qxf3 Nh6 9. d3 Qg5 10. g3 Be7 11. Qe2 Qg6 12. Bg2 a5 13. Bf3 0-0 14. 0-0-0 Nc5 15. Qc2 Nf7 16. d4 Na6 17. a3 Nc7 18. dxe5 dxe5 19. Rd7 Bd8 20. g4 e4 21. gxf5 Qxf5 22. Bg4 1-0

[Event "Belgrade Trophy 30th"]
[Site "Belgrade"]
[Date "2016.12.01"]
[Round "8"]
[White "Brkljaca, Ante"]
[Black "Anicic, Vuko"]
[Result "1/2-1/2"]
[WhiteElo "2289"]
[BlackElo "2129"]
[PlyCount "59"]
[EventDate "2016.11.24"]
[EventType "swiss"]
[EventRounds "9"]
[EventCountry "SRB"]
[SourceTitle "CBM 175 Extra"]
[Source "ChessBase"]
[SourceDate "2016.12.12"]
[SourceVersion "1"]
[SourceVersionDate "2016.12.12"]
[SourceQuality "1"]

1. d4 e6 2. Nf3 Nf6 3. c4 Bb4+ 4. Nbd2 b6 5. a3 Bxd2+ 6. Qxd2 Bb7 7. e3 d6 8. Be2 Nbd7 9. 0-0 0-0 10. b4 Ne4 11. Qc2 f5 12. Ne1 a5 13. f3 Ng5 14. Bb2 axb4 15. axb4 Rxa1 16. Bxa1 Qf6 17. Nd3 Ra8 18. Bb2 Qh6 19. Qd2 Nf7 20. Rd1 Qg5 21. Nf4 Qe7 22. d5 e5 23. Nh3 Nf6 24. Nf2 b5 25. e4 fxe4 26. fxe4 bxc4 27. Bxc4 Qe8 28. Be2 Ba6 29. Bf3 Bb5 30. Rc1 1/2-1/2

[Event "Belgrade Trophy 30th"]
[Site "Belgrade"]
[Date "2016.11.27"]
[Round "4"]
[White "Ioannidis, Evgenios"]
[Black "Anicic, Vuko"]
[Result "1-0"]
[WhiteElo "2301"]
[BlackElo "2129"]
[PlyCount "25"]
[EventDate "2016.11.24"]
[EventType "swiss"]
[EventRounds "9"]
[EventCountry "SRB"]
[SourceTitle "CBM 175 Extra"]
[Source "ChessBase"]
[SourceDate "2016.12.12"]
[SourceVersion "1"]
[SourceVersionDate "2016.12.12"]
[SourceQuality "1"]

1. d4 e6 2. c4 Nf6 3. Nc3 Bb4 4. e3 c5 5. Bd3 Nc6 6. Nf3 Bxc3+ 7. bxc3 d6 8. e4 e5 9. d5 Ne7 10. Nh4 h6 11. f3 Nh5 12. g3 g5 13. Ng2 1-0

[Event "Belgrade Trophy 30th"]
[Site "Belgrade"]
[Date "2016.11.26"]
[Round "3"]
[White "Anicic, Vuko"]
[Black "Karisik, Nenad"]
[Result "1/2-1/2"]
[WhiteElo "2129"]
[BlackElo "2207"]
[PlyCount "84"]
[EventDate "2016.11.24"]
[EventType "swiss"]
[EventRounds "9"]
[EventCountry "SRB"]
[SourceTitle "CBM 175 Extra"]
[Source "ChessBase"]
[SourceDate "2016.12.12"]
[SourceVersion "1"]
[SourceVersionDate "2016.12.12"]
[SourceQuality "1"]

1. e4 c5 2. Nf3 d6 3. d4 cxd4 4. Nxd4 Nf6 5. Nc3 g6 6. Be3 Bg7 7. f3 0-0 8. Qd2 Nc6 9. 0-0-0 d5 10. Nxc6 bxc6 11. exd5 Nxd5 12. Bd4 e5 13. Bc5 Be6 14. Bc4 Nxc3 15. Bxf8 Nxd1 16. Bxg7 Bxc4 17. Qxd8+ Rxd8 18. Bf6 Rd6 19. Be7 Rd7 20. Bc5 Nxb2 21. Kxb2 f6 22. Kc3 Bd5 23. Rb1 h5 24. a4 h4 25. a5 h3 26. g3 Bxf3 27. a6 Be2 28. Rb7 Rd5 29. Be7 Bxa6 30. Rxa7 Bc8 31. Bxf6 Bd7 32. g4 Kf7 33. Bxe5 Rxe5 34. Rxd7+ Kf6 35. Rd3 Re2 36. Rxh3 Kg5 37. Kd3 Rg2 38. Rh8 Kxg4 39. c4 c5 40. Rc8 Rxh2 41. Rxc5 Kf4 42. Rc8 g5 1/2-1/2

[Event "Petrovac op"]
[Site "Petrovac"]
[Date "2015.05.11"]
[Round "6"]
[White "Kastelic, Marian"]
[Black "Anicic, Vuko"]
[Result "1-0"]
[WhiteElo "2342"]
[BlackElo "2155"]
[PlyCount "59"]
[EventDate "2015.05.08"]
[EventType "swiss"]
[EventRounds "9"]
[EventCountry "MNE"]
[SourceTitle "CBM 166 Extra"]
[Source "ChessBase"]
[SourceDate "2015.06.18"]
[SourceVersion "1"]
[SourceVersionDate "2015.06.18"]
[SourceQuality "1"]

1. d4 e6 2. Nf3 Nf6 3. c4 Bb4+ 4. Nbd2 0-0 5. e3 b6 6. Bd3 Bb7 7. 0-0 d5 8. a3 Bxd2 9. Nxd2 a5 10. b3 Nbd7 11. Bb2 Ra7 12. Qe2 Qa8 13. Rac1 dxc4 14. bxc4 Bxg2 15. Rfd1 Be4 16. Nxe4 Nxe4 17. f3 Ng5 18. d5 Nc5 19. h4 f6 20. hxg5 fxg5 21. Qg2 c6 22. dxe6 Nxe6 23. Qh3 Kf7 24. Bf5 Qe8 25. Qxh7 Ke7 26. Bxe6 Kxe6 27. Bxg7 Rf5 28. Qh6+ Ke7 29. Rd4 Qb8 30. Kg2 1-0

[Event "Petrovac op"]
[Site "Petrovac"]
[Date "2015.05.09"]
[Round "3"]
[White "Anicic, Vuko"]
[Black "Zhukov, Anton"]
[Result "1-0"]
[WhiteElo "2155"]
[BlackElo "1582"]
[PlyCount "73"]
[EventDate "2015.05.08"]
[EventType "swiss"]
[EventRounds "9"]
[EventCountry "MNE"]
[SourceTitle "CBM 166 Extra"]
[Source "ChessBase"]
[SourceDate "2015.06.18"]
[SourceVersion "1"]
[SourceVersionDate "2015.06.18"]
[SourceQuality "1"]

1. e4 e6 2. d4 d5 3. Nc3 Bb4 4. e5 c5 5. Qg4 Ne7 6. a3 Bxc3+ 7. bxc3 Qc7 8. Bd2 cxd4 9. cxd4 Nbc6 10. Nf3 0-0 11. Bd3 f5 12. exf6 Rxf6 13. Qh5 g6 14. Qg5 Rf7 15. h4 Nf5 16. h5 Rg7 17. h6 Rf7 18. Kf1 Qe7 19. c3 Qxg5 20. Bxg5 Na5 21. Ke2 Rc7 22. g4 Nd6 23. Bd8 Ne8 24. Bxc7 Nxc7 25. Ne5 Ne8 26. Bxg6 Nf6 27. g5 Ne4 28. Bxh7+ Kxh7 29. g6+ Kh8 30. Nf7+ Kg8 31. h7+ Kg7 32. h8Q+ Kxg6 33. Ne5+ Kf5 34. Rh5+ Ng5 35. Qg7 Bd7 36. Qxg5+ Ke4 37. f3# 1-0

[Event "MNT-chT"]
[Site "Cetinje"]
[Date "2010.07.31"]
[Round "8"]
[White "Anicic, Vuko"]
[Black "Rabrenovic, Milinko"]
[Result "1/2-1/2"]
[WhiteElo "2203"]
[BlackElo "2278"]
[PlyCount "20"]
[EventDate "2010.07.24"]
[EventType "team-swiss"]
[EventRounds "9"]
[EventCountry "MNE"]
[SourceTitle "CBM 137 Extra"]
[Source "ChessBase"]
[SourceDate "2010.09.01"]
[SourceVersion "1"]
[SourceVersionDate "2010.09.01"]
[SourceQuality "1"]

1. e4 e5 2. Nf3 Nc6 3. Bc4 Bc5 4. c3 Nf6 5. d4 exd4 6. cxd4 Bb4+ 7. Nc3 Nxe4 8. 0-0 Bxc3 9. d5 Na5 10. Qe2 0-0 1/2-1/2

[Event "MNT-chT"]
[Site "Cetinje"]
[Date "2010.07.24"]
[Round "1"]
[White "Anicic, Vuko"]
[Black "Stanicic, Josip"]
[Result "1/2-1/2"]
[WhiteElo "2203"]
[BlackElo "2123"]
[PlyCount "122"]
[EventDate "2010.07.24"]
[EventType "team-swiss"]
[EventRounds "9"]
[EventCountry "MNE"]
[SourceTitle "CBM 137 Extra"]
[Source "ChessBase"]
[SourceDate "2010.09.01"]
[SourceVersion "1"]
[SourceVersionDate "2010.09.01"]
[SourceQuality "1"]

1. e4 c6 2. d4 d5 3. Nc3 dxe4 4. Nxe4 Bf5 5. Ng3 Bg6 6. h4 h6 7. h5 Bh7 8. Nf3 Nd7 9. Bd3 Bxd3 10. Qxd3 Ngf6 11. Bd2 Qc7 12. 0-0-0 0-0-0 13. Qe2 e6 14. Ne5 Nxe5 15. dxe5 Nd7 16. f4 Be7 17. Bc3 Nc5 18. Bd4 Qa5 19. Kb1 Rd5 20. c4 Rd7 21. Bxc5 Qxc5 22. Ne4 Qb4 23. a3 Qb6 24. Rxd7 Kxd7 25. Rd1+ Kc8 26. f5 Rd8 27. Nd6+ Bxd6 28. exd6 Qc5 29. fxe6 Qf5+ 30. Qd3 fxe6 31. Qxf5 exf5 32. c5 b6 33. b4 bxc5 34. bxc5 Kb7 35. Rf1 Rf8 36. Rf4 Rf6 37. Kc2 g5 38. hxg6 Rxg6 39. Rxf5 Rxg2+ 40. Kc3 Rg3+ 41. Kd4 Kc8 42. Rf8+ Kd7 43. Rf7+ Kd8 44. Rxa7 h5 45. a4 h4 46. Kc4 Rg4+ 47. Kb3 Rg5 48. a5 Rxc5 49. a6 Ra5 50. Kb4 Rb5+ 51. Ka4 Rb1 52. Ra8+ Kd7 53. a7 Ra1+ 54. Kb4 h3 55. Kc5 h2 56. Rh8 Rxa7 57. Rh7+ Ke6 58. Rxh2 Ra1 59. Rh6+ Kd7 60. Rh7+ Kd8 61. Kxc6 Rc1+ 1/2-1/2

[Event "MNT-chT"]
[Site "Cetinje"]
[Date "2009.08.27"]
[Round "7.2"]
[White "Dabetic, Radojica"]
[Black "Anicic, Vuko"]
[Result "1/2-1/2"]
[WhiteElo "2340"]
[BlackElo "2230"]
[PlyCount "22"]
[EventDate "2009.08.21"]
[EventType "team-tourn"]
[EventRounds "7"]
[EventCountry "MNE"]
[SourceTitle "CBM 131 Extra"]
[Source "ChessBase"]
[SourceDate "2009.09.03"]
[SourceVersion "2"]
[SourceVersionDate "2009.09.16"]
[SourceQuality "1"]

1. e4 e6 2. d4 d5 3. Nd2 Nf6 4. e5 Nfd7 5. Bd3 c5 6. c3 Nc6 7. Ne2 Qb6 8. Nf3 cxd4 9. cxd4 f6 10. exf6 Nxf6 11. 0-0 Bd6 1/2-1/2

[Event "MNT-chT"]
[Site "Cetinje"]
[Date "2009.08.22"]
[Round "2.3"]
[White "Draganic, Veljko"]
[Black "Anicic, Vuko"]
[Result "1/2-1/2"]
[WhiteElo "2278"]
[BlackElo "2230"]
[PlyCount "138"]
[EventDate "2009.08.21"]
[EventType "team-tourn"]
[EventRounds "7"]
[EventCountry "MNE"]
[SourceTitle "CBM 131 Extra"]
[Source "ChessBase"]
[SourceDate "2009.09.03"]
[SourceVersion "2"]
[SourceVersionDate "2009.09.16"]
[SourceQuality "1"]

1. e4 e6 2. d4 d5 3. Nc3 Bb4 4. e5 c5 5. a3 Bxc3+ 6. bxc3 Qc7 7. Nf3 Ne7 8. h4 Bd7 9. h5 Ba4 10. dxc5 Nd7 11. Rh4 Nxc5 12. Rxa4 Nxa4 13. Bb5+ Kf8 14. Bxa4 Qxc3+ 15. Bd2 Qc4 16. Bb4 a5 17. Bxe7+ Kxe7 18. Qd4 Rhc8 19. Qxc4 Rxc4 20. Bb3 Re4+ 21. Kd2 a4 22. Ba2 f6 23. Rb1 Rb8 24. exf6+ gxf6 25. g3 Kd6 26. c3 b5 27. Nd4 Kc5 28. f3 Re5 29. g4 Rb6 30. Rg1 Rg5 31. f4 Rg8 32. g5 e5 33. Nf5 fxg5 34. fxg5 Rf8 35. Bb1 e4 36. Nd4 Rf2+ 37. Ke3 Rb2 38. g6 hxg6 39. hxg6 Rxb1 40. Rxb1 Rxg6 41. Rxb5+ Kc4 42. Rb4+ Kxc3 43. Ne2+ Kc2 44. Rxa4 Kb3 45. Ra8 Kc4 46. Rc8+ Kb3 47. Ra8 Kc4 48. Rb8 Ra6 49. Rb4+ Kc5 50. Rb3 Ra4 51. Rc3+ Kd6 52. Kd2 d4 53. Rb3 Kd5 54. Nc1 Ra8 55. Rb5+ Kc6 56. Rb4 Rxa3 57. Rxd4 e3+ 58. Ke2 Kc5 59. Rh4 Kd5 60. Nd3 Ra8 61. Nf4+ Kc5 62. Kxe3 Re8+ 63. Kd3 Re5 64. Kc3 Rf5 65. Nd3+ Kd5 66. Ra4 Rf8 67. Nf4+ Kc6 68. Ne6 Rh8 69. Rd4 Rh1 1/2-1/2

[Event "EU-ch 10th"]
[Site "Budva"]
[Date "2009.03.08"]
[Round "3"]
[White "Golubovic, Boris"]
[Black "Anicic, Vuko"]
[Result "1-0"]
[WhiteElo "2403"]
[BlackElo "2212"]
[PlyCount "51"]
[EventDate "2009.03.06"]
[EventType "swiss"]
[EventRounds "11"]
[EventCountry "MNE"]
[SourceTitle "CBM 130"]
[Source "ChessBase"]
[SourceDate "2009.05.20"]
[SourceVersion "1"]
[SourceVersionDate "2009.05.20"]
[SourceQuality "1"]

1. d4 e6 2. c4 Nf6 3. g3 d5 4. Nf3 b6 5. Bg2 Nbd7 6. 0-0 Be7 7. cxd5 exd5 8. Nc3 0-0 9. Ne5 Bb7 10. Qa4 Qe8 11. Nxd7 Qxd7 12. Qxd7 Nxd7 13. Nxd5 Bxd5 14. Bxd5 Rad8 15. Bf3 Bf6 16. Bf4 c5 17. Bc7 Rc8 18. Bd6 Rfe8 19. Bg4 Red8 20. dxc5 bxc5 21. Rad1 Rc6 22. Bf3 Rcc8 23. Bb7 Bxb2 24. Bxc8 Rxc8 25. Rb1 Be5 26. Rb7 1-0

[Event "MNT-chT"]
[Site "Herceg Novi"]
[Date "2008.08.31"]
[Round "7"]
[White "Perosevic, Aleksandar"]
[Black "Anicic, Vuko"]
[Result "0-1"]
[WhiteElo "2213"]
[BlackElo "2208"]
[PlyCount "60"]
[EventDate "2008.08.25"]
[EventType "team-tourn"]
[EventRounds "7"]
[EventCountry "MNE"]
[SourceTitle "CBM 126 Extra"]
[Source "ChessBase"]
[SourceDate "2008.11.05"]
[SourceVersion "1"]
[SourceVersionDate "2008.11.05"]
[SourceQuality "1"]

1. e4 e6 2. d4 d5 3. exd5 exd5 4. Qf3 Nf6 5. h3 c5 6. Bg5 Nc6 7. dxc5 Bxc5 8. Bxf6 gxf6 9. Bb5 0-0 10. Bxc6 bxc6 11. Ne2 Re8 12. 0-0 Ba6 13. Re1 Re5 14. b4 Bb6 15. Nbc3 Qe7 16. b5 Bxb5 17. Nxb5 cxb5 18. Kf1 Re8 19. c3 Ba5 20. Rab1 d4 21. cxd4 Re4 22. Rxb5 Bxe1 23. Ng3 Bd2 24. Kg1 Rf4 25. Qd3 Qe1+ 26. Kh2 Rxf2 27. Rh5 Bf4 28. Qxh7+ Kf8 29. Qh8+ Ke7 30. Qg7 Qe4 0-1

[Event "MNT-chT"]
[Site "Herceg Novi"]
[Date "2008.08.30"]
[Round "6"]
[White "Smakic, Sulejman"]
[Black "Anicic, Vuko"]
[Result "0-1"]
[WhiteElo "2135"]
[BlackElo "2208"]
[PlyCount "38"]
[EventDate "2008.08.25"]
[EventType "team-tourn"]
[EventRounds "7"]
[EventCountry "MNE"]
[SourceTitle "CBM 126 Extra"]
[Source "ChessBase"]
[SourceDate "2008.11.05"]
[SourceVersion "1"]
[SourceVersionDate "2008.11.05"]
[SourceQuality "1"]

1. d4 e6 2. c4 Nf6 3. Nc3 Bb4 4. Qc2 c5 5. e3 Nc6 6. Nf3 d6 7. Bd3 e5 8. dxe5 dxe5 9. 0-0 Bxc3 10. Qxc3 e4 11. Bxe4 Nxe4 12. Qxg7 Qf6 13. Qxf6 Nxf6 14. b3 Rg8 15. g3 Bh3 16. Re1 Ne4 17. Bb2 0-0-0 18. Rad1 Rxd1 19. Rxd1 Bg4 0-1

[Event "Bar op"]
[Site "Bar"]
[Date "2007.04.06"]
[Round "8"]
[White "Anicic, Vuko"]
[Black "Arnaudov, Petar G"]
[Result "1/2-1/2"]
[WhiteElo "2214"]
[BlackElo "2331"]
[PlyCount "54"]
[EventDate "2007.03.30"]
[EventType "swiss"]
[EventRounds "9"]
[EventCountry "YUG"]
[SourceTitle "CBM 117 Extra"]
[Source "ChessBase"]
[SourceDate "2007.05.09"]
[SourceVersion "1"]
[SourceVersionDate "2007.05.09"]
[SourceQuality "1"]

1. e4 c5 2. Nf3 e6 3. d4 cxd4 4. Nxd4 Nc6 5. Nc3 Qc7 6. Ndb5 Qb8 7. Be3 a6 8. Bb6 axb5 9. Nxb5 Bb4+ 10. c3 Ba5 11. Nc7+ Qxc7 12. Bxc7 Bxc7 13. Qg4 Be5 14. f4 Nf6 15. Qf3 Bc7 16. g4 d5 17. e5 Ne4 18. Bd3 Nc5 19. Bc2 0-0 20. b4 Na4 21. Qd3 g6 22. 0-0 f6 23. b5 Ne7 24. Rae1 fxe5 25. fxe5 Nc5 26. Qg3 Rxa2 27. Bb1 Ra5 1/2-1/2

[Event "Bar op"]
[Site "Bar"]
[Date "2007.04.05"]
[Round "7"]
[White "Panic, Nenad"]
[Black "Anicic, Vuko"]
[Result "1-0"]
[WhiteElo "2369"]
[BlackElo "2214"]
[PlyCount "81"]
[EventDate "2007.03.30"]
[EventType "swiss"]
[EventRounds "9"]
[EventCountry "YUG"]
[SourceTitle "CBM 117 Extra"]
[Source "ChessBase"]
[SourceDate "2007.05.09"]
[SourceVersion "1"]
[SourceVersionDate "2007.05.09"]
[SourceQuality "1"]

1. d4 Nf6 2. Nf3 e6 3. Bf4 b6 4. e3 Bb7 5. Bd3 d5 6. Nbd2 Bd6 7. Ne5 Bxe5 8. Bxe5 Nbd7 9. Bg3 c5 10. c3 Qe7 11. Nf3 Ne4 12. Ne5 Nxe5 13. Bxe5 f6 14. Bg3 0-0 15. Bxe4 dxe4 16. dxc5 e5 17. Qb3+ Kh8 18. cxb6 f5 19. bxa7 f4 20. exf4 exf4 21. Bh4 Qxh4 22. Qxb7 e3 23. 0-0 e2 24. Rfe1 f3 25. gxf3 Qg5+ 26. Kh1 Qc5 27. Rxe2 Rxa7 28. Qb4 Qf5 29. Qg4 Qf7 30. Rae1 h5 31. Qg3 Rxa2 32. Re7 Qf6 33. R1e6 Qxf3+ 34. Qxf3 Rxf3 35. Kg2 Rd3 36. Rb7 Rd2 37. Re8+ Kh7 38. Ree7 Kh6 39. Rxg7 Raxb2 40. Rxb2 Rxb2 41. Rg3 1-0